Dynamics of vehicle impact against highway guardrails ; laboratory experiments. Final report /

Bibliographic Details
Main Author: Ayre, Robert S.
Corporate Author: Maryland. State Roads Commission
Other Authors: Abrams, Joel I., Hilger, Milton A.
Format: Book
Language:English
Published: Baltimore : John Hopkins University, Dept. of Civil Engineering, 1955.
Series:Technical report sponsored by State Roads Commission of Maryland ; no. 5.
Subjects:

MARC

Tag First Indicator Second Indicator Subfields
LEADER 00000cam a2200000 4500
001 in00000096227
005 20150925085934.0
008 800401s1955 mdua b 00010 eng d
035 |a (OCoLC)06155825 
035 |9 AAL2184AM 
040 |a TXA  |c TXA  |d UtOrBLW 
049 |a TXAM  |c [1127699] 
090 |a TE228  |b .A89 
100 1 |a Ayre, Robert S. 
245 1 0 |a Dynamics of vehicle impact against highway guardrails ;  |b laboratory experiments. Final report /  |c By Robert S. Ayre, Joel I. Abrams [and] Milton A. Hilger. 
264 1 |a Baltimore :  |b John Hopkins University, Dept. of Civil Engineering,  |c 1955. 
300 |a 112 pages :  |b illustrations 
336 |a text  |b txt  |2 rdacontent 
337 |a unmediated  |b n  |2 rdamedia 
338 |a volume  |b nc  |2 rdacarrier 
490 1 |a Johns Hopkins University. Dept. of Civil Engineering. Technical report ;  |v no. 5 (sponsored by State Roads Commission of Maryland) 
504 |a "List of references": page 112. 
650 0 |a Roads  |x Guard fences. 
650 0 |a Roads  |x Safety measures. 
700 1 |a Abrams, Joel I. 
700 1 |a Hilger, Milton A. 
710 1 |a Maryland.  |b State Roads Commission. 
830 0 |a Technical report sponsored by State Roads Commission of Maryland ;  |v no. 5. 
999 |a MARS 
999 f f |s cfc0f98e-2157-3bc6-b46c-9840569b89c7  |i 8a407d89-3c3e-3b7c-b68a-299ad336b80c  |t 0 
952 f f |p ric  |a Texas A&M University  |b Rellis Campus  |c Joint Library Facility  |d Remote Storage  |t 0  |e TE228 .A89  |h Library of Congress classification  |i unmediated -- volume  |m A14805388824 
998 f f |a TE228 .A89  |t 0  |l Remote Storage